000 00340nam a2200133Ia 4500
008 220530s9999 xx 000 0 und d
041 _aeng
082 _a891.46
_bTEJ
100 _aTejparkhi Sirshree
_956054
245 _aSampurn Jivan Rahasaye (Marathi)
260 _aPune
_bWOW Publication
_c2011
300 _a280 P
_bPB
906 _a30
_bGB
999 _c50903
_d50903